| 000 | 00591nam a22001937a 4500 | ||
|---|---|---|---|
| 999 |
_c8864 _d8864 |
||
| 003 | AR-CdUCM | ||
| 008 | 190326b ||||| |||| 00| 0 spa d | ||
| 020 | _a978-607-618-505-6 | ||
| 040 |
_aMUNICIPALIDAD PROVINCIAL DEL CUSCO _cBIBLIOTECA MUNICIPAL DEL CUSCO |
||
| 082 |
_aSI-0007 / _bSIL / cue |
||
| 245 | _aCuentos de diez minutos / | ||
| 260 |
_aMéxico : _bSilver Dolphin, _c2015. |
||
| 300 |
_a512 páginas ; _c22.5 cm |
||
| 650 |
_aLiteratura infantil _9588 |
||
| 650 |
_aSiglo XXI _92856 |
||
| 700 |
_aCaballero, Samantha (traducción) _924667 |
||
| 942 |
_2ddc _cLIBROS |
||
| 945 | _aafb | ||